000 00576nam a2200181Ia 4500
008 100920s9999 xx 000 0 und d
082 _b73232
_a891.461 थ 98
100 _aसानेगुरूजी.
245 _aस्त्रीजीवन.
260 _bइंद्रायणी साहित्य प्रकाशन,पुणे.
_c1998
300 _a277
_bसाधी
365 _b80
520 _aपदय.
630 _aस्त्रीजीवन.
650 _aपदय.
730 _aस्त्रीजीवन.
942 _cBOOK
999 _c714921
_d714918